The desegregated heart ; a Virginian's stand in time of transition.

Bibliographic Details
Main Author: Boyle, Sarah Patton
Format: Book
Language:English
Published: New York : Morrow, 1962.
Subjects:

MARC

Tag First Indicator Second Indicator Subfields
LEADER 00000cam a22000001 4500
001 in00000058436
005 20151007082256.0
008 730109s1962 nyu 00000 eng
010 |a  62016497  
035 |a (OCoLC)00965049 
035 |9 AAF7631AM 
040 |a DLC  |c DLC  |d TXA  |d UtOrBLW 
043 |a n-usu-- 
049 |a TXAM  |c [403409] 
050 0 0 |a E185.61  |b .B778 
082 0 |a 301.451 
092 |a 325.26  |b B792d 
100 1 |a Boyle, Sarah Patton. 
245 1 4 |a The desegregated heart ;  |b a Virginian's stand in time of transition. 
264 1 |a New York :  |b Morrow,  |c 1962. 
300 |a 364 pages ;  |c 22 cm. 
336 |a text  |b txt  |2 rdacontent 
337 |a unmediated  |b n  |2 rdamedia 
338 |a volume  |b nc  |2 rdacarrier 
650 0 |a African Americans  |x Segregation. 
650 0 |a African Americans  |z Southern States. 
999 |a MARS 
999 f f |s d5bfb670-2d96-3e9a-b6fb-5bfa8dffa470  |i 361d602c-33bf-36ad-a5c0-dcf90bb657b5  |t 0 
952 f f |p ric  |a Texas A&M University  |b Rellis Campus  |c Joint Library Facility  |d Remote Storage  |t 0  |e E185.61 .B778  |h Library of Congress classification  |i unmediated -- volume  |m A14800669275 
998 f f |a E185.61 .B778  |t 0  |l Remote Storage